Ponant - Navires - Statistiques

Statistiques générales
  • Ce quiz a été pris 6 fois
  • Le résultat moyen est 7 sur 14
Statistiques - réponses
Classe Passagers Année de mise en service Navire % Correct
Sisterships 264 2011 L'Austral
100%
Sisterships 264 2010 Le Boréal
100%
Navire d'exploration polaire 245 2021 Le Commandant-Charcot
80%
Voiliers 32 1991 Le Ponant
80%
Explorers 184 2019 Le Bougainville
60%
Explorers 184 2018 Le Lapérouse
60%
Explorers 184 2020 Le Bellot
40%
Explorers 184 2019 Le Dumont-d'Urville
40%
Explorers 184 2020 Le Jacques-Cartier
40%
Voiliers 9 2025 La Désirade
20%
Explorers 184 2018 Le Champlain
20%
Sisterships 264 2015 Le Lyrial
20%
Sisterships 264 2012 Le Soléal
20%
Voiliers 12 2024 Spirit of Ponant
20%
Aucun quiz correspondant
Distribution des résultats
% des personnes avec chaque résultat
Percentile par nombre de réponses
Votre historique - résultats
Vous n’avez pas pris ce quiz